000
00337nam a22001457a 4500
999
_c
15659
_d
15659
003
OSt
008
190524b ||||| |||| 00| 0 eng d
020
_a
9788126432196
082
_a
894.812372
_b
BEN/MA
100
_a
Benyamin.
_9
4151
245
_a
Manjaveyil Maranangal
260
_a
Kottayam
_b
D C Books
300
_a
351 p.
942
_c
BK